00473nam a2200169Ia 4500003000400000008004100004040001600045082001700061100001900078245008100097700001400178700001900192260004300211300001000254650001200264650002700276GCL140319s9999 xx 000 0 eng d aGCL / cGCL04a309.829bG C1 aTAWEREY, DAVID10aCHRONICLE FASCINATING PEOPLE AND MEMORABLE EVENTS OF 1996 / cTAWEREY, DAVID1 aGRAN, REG1 aVARGO, FRANCES a[S.N] : bDARLING KINDERSLEY ، c1996 a112 P04aHISTORY04aEVENT HISTORY ANALYSIS